[Event "zonal 2.4"]
[Site "Sao Paulo BRA"]
[Date "1993.03.??"]
[Round "5"]
[White "Izquierdo Saravia, Daniel"]
[Black "Soppe, Guillermo"]
[Result "1-0"]
[WhiteElo "2330"]
[BlackElo "2460"]
[EventDate "1993.03.13"]
[PlyCount "65"]

1.d4 d5 2.Nf3 Nf6 3.Bg5 Ne4 4.Bf4 c6 5.c3 g6 6.Ne5 Bg7 7.f3 Nd6 8.Nd2 f6 
9.Nd3 Nd7 10.e4 e5 11.dxe5 fxe5 12.Bg3 Qe7 13.Qb3 Nb6 14.exd5 cxd5 15.
O-O-O Ndc4 16.Nb4 Nxd2 17.Bb5+ Bd7 18.Bxd7+ Qxd7 19.Rxd2 Bh6 20.f4 O-O-O 
21.Kb1 Bxf4 22.Bxf4 exf4 23.Rhd1 Qf5+ 24.Ka1 Rhe8 25.a4 d4 26.Rxd4 Rxd4 
27.Rxd4 g5 28.Ka2 g4 29.Nd5 Nxd5 30.Rxd5 Qf6 31.Qc4+ Kb8 32.Rd7 f3 33.Qc7+
1-0

[Event "zonal 2.4"]
[Site "Sao Paulo BRA"]
[Date "1993.03.??"]
[Round "5"]
[White "Milos, Gilberto"]
[Black "Sunye Neto, Jaime"]
[Result "1/2-1/2"]
[WhiteElo "2560"]
[BlackElo "2545"]
[EventDate "1993.03.13"]
[PlyCount "91"]

1.e4 c5 2.Nf3 d6 3.d4 cxd4 4.Nxd4 Nf6 5.Nc3 a6 6.f4 e5 7.Nf3 Nbd7 8.a4 Be7
9.Bc4 O-O 10.Qe2 exf4 11.Bxf4 Nc5 12.O-O Be6 13.Bxe6 Nxe6 14.Be3 Rc8 15.
Rad1 Rxc3 16.bxc3 Nxe4 17.Qc4 N6c5 18.Bxc5 Nxc5 19.Rd5 g6 20.Kh1 Qc8 21.
Ng5 Bxg5 22.Rxg5 Ne6 23.Rg4 h5 24.Re4 Qxc4 25.Rxc4 Rd8 26.Rb1 Rd7 27.Rc8+ 
Kg7 28.Kg1 Nc5 29.a5 Re7 30.Rd1 Ne4 31.Rd4 Re5 32.Rc7 Nf6 33.h3 Rxa5 34.
Rxb7 d5 35.c4 Ra4 36.c3 dxc4 37.Rc7 a5 38.Rcxc4 Ra1+ 39.Kh2 Rc1 40.Rd3 Re1
41.Rf4 Re7 42.c4 Ra7 43.Rfd4 a4 44.Ra3 Nd7 45.Rd5 Rc7 46.Rxd7 1/2-1/2

[Event "zonal 2.4"]
[Site "Sao Paulo BRA"]
[Date "1993.03.??"]
[Round "5"]
[White "Rubinetti, Jorge Alberto"]
[Black "Van Riemsdijk, Herman Claudius"]
[Result "1-0"]
[WhiteElo "2450"]
[BlackElo "2400"]
[EventDate "1993.03.13"]
[PlyCount "76"]

1.d4 Nf6 2.Nf3 e6 3.c4 b6 4.g3 Bb7 5.Bg2 Be7 6.O-O O-O 7.Nc3 Ne4 8.Bd2 Bf6
9.Rc1 d5 10.cxd5 exd5 11.Bf4 c5 12.dxc5 Nxc3 13.bxc3 bxc5 14.Qb3 Qb6 15.
Nd2 Rd8 16.c4 Nc6 17.cxd5 Nd4 18.Qd3 Bxd5 19.Bxd5 Rxd5 20.Qc4 Rad8 21.Ne4 
Be7 22.Nc3 R5d7 23.Rb1 Qg6 24.Kg2 h5 25.Rb8 Rxb8 26.Bxb8 h4 27.Bf4 Qf5 28.
f3 Ne6 29.Be3 Qe5 30.Bf2 Nd4 31.Rd1 Rd6 32.Ne4 Rd8 33.gxh4 Ne6 34.Rxd8+ 
Bxd8 35.Bg3 Qb2 36.Kf2 Bb6 37.Ng5 Nxg5 38.hxg5 Qd2 1-0

[Event "zonal 2.4"]
[Site "Sao Paulo BRA"]
[Date "1993.03.??"]
[Round "5"]
[White "Slipak, Sergio David"]
[Black "Egger Mancilla, Jorge"]
[Result "1-0"]
[WhiteElo "2405"]
[BlackElo "2410"]
[EventDate "1993.03.13"]
[PlyCount "77"]

1.Nf3 Nf6 2.g3 g6 3.b3 Bg7 4.Bb2 O-O 5.Bg2 d6 6.d4 e5 7.dxe5 Nfd7 8.O-O 
dxe5 9.Nfd2 Re8 10.Nc3 Nc5 11.Nc4 Qxd1 12.Raxd1 Nc6 13.Nd5 Ne6 14.e3 Rd8 
15.b4 a6 16.a4 Bd7 17.Bc3 b5 18.axb5 axb5 19.Na5 Nxa5 20.bxa5 Ra6 21.Nb4 
Ra7 22.Nc6 Bxc6 23.Bxc6 Rb8 24.Rb1 e4 25.Bd2 Nc5 26.c4 Rd8 27.Bb4 Nd3 28.
Be7 Rb8 29.Rxb5 Rxb5 30.cxb5 Rxa5 31.Bxe4 Ne5 32.Rb1 Nc4 33.Rc1 Nb6 34.Bc6
Be5 35.Rd1 f5 36.Bd8 Kf7 37.f4 Bd6 38.Rxd6 cxd6 39.Bxb6 1-0

[Event "zonal 2.4"]
[Site "Sao Paulo BRA"]
[Date "1993.03.??"]
[Round "5"]
[White "Trindade, Sandro Heleno"]
[Black "Braga, Cicero Nogueira"]
[Result "1/2-1/2"]
[WhiteElo "2315"]
[BlackElo "2370"]
[EventDate "1993.03.13"]
[PlyCount "90"]

1.e4 e5 2.Nf3 Nc6 3.Bb5 g6 4.O-O Bg7 5.c3 Nge7 6.d4 exd4 7.cxd4 d5 8.exd5 
Nxd5 9.Re1+ Be6 10.Ng5 Qd6 11.Nc3 O-O 12.Nxe6 fxe6 13.Be3 Qb4 14.Nxd5 exd5
15.Bxc6 bxc6 16.Re2 Rab8 17.Rc1 Rb6 18.Rc5 Ra6 19.a3 Qb8 20.Bg5 Rb6 21.
Rcc2 Qc8 22.Be7 Rf4 23.Bc5 Rb8 24.Bxa7 Ra8 25.Bc5 Qf5 26.Rcd2 h5 27.Rd3 g5
28.Rde3 h4 29.Re8+ Rxe8 30.Rxe8+ Kh7 31.Qh5+ Bh6 32.Re7+ Kg8 33.Re8+ Kh7 
34.Re7+ Kg8 35.Qe8+ Bf8 36.Re5 Qb1+ 37.Re1 Qc2 38.Re6 Kh7 39.Re2 Qb1+ 40.
Re1 Qxb2 41.Re2 Qc1+ 42.Re1 Qc2 43.Re2 Qc1+ 44.Re1 Qc2 45.Re2 Qc1+ 1/2-1/2

[Event "zonal 2.4"]
[Site "Sao Paulo BRA"]
[Date "1993.03.??"]
[Round "5"]
[White "Valiente, Cristobal"]
[Black "Silva Lillo, Sebastian"]
[Result "1/2-1/2"]
[WhiteElo "2340"]
[BlackElo "2350"]
[EventDate "1993.03.13"]
[PlyCount "46"]

1.d4 Nf6 2.c4 e6 3.g3 Bb4+ 4.Bd2 c5 5.Nf3 O-O 6.Bg2 d6 7.O-O Nc6 8.dxc5 
Bxd2 9.Qxd2 dxc5 10.Qxd8 Rxd8 11.Nc3 Bd7 12.Rad1 Kf8 13.Rd2 Ke7 14.Rfd1 
Be8 15.Ng5 Rxd2 16.Rxd2 Rd8 17.Rxd8 Nxd8 18.f4 h6 19.Nge4 Nxe4 20.Nxe4 b6 
21.Kf2 Bc6 22.Bf3 f5 23.Nc3 Bxf3 1/2-1/2

[Event "zonal 2.4"]
[Site "Sao Paulo BRA"]
[Date "1993.03.??"]
[Round "5"]
[White "Vasquez Schroder, Rodrigo"]
[Black "Catropa, Djalma"]
[Result "1/2-1/2"]
[WhiteElo "2475"]
[BlackElo "2300"]
[EventDate "1993.03.13"]
[PlyCount "56"]

1.e4 c5 2.Nf3 Nc6 3.d4 cxd4 4.Nxd4 Nf6 5.Nc3 e5 6.Ndb5 d6 7.Bg5 a6 8.Na3 
b5 9.Nd5 Be7 10.Bxf6 Bxf6 11.c3 Rb8 12.Nc2 Bg5 13.g3 O-O 14.Bg2 a5 15.O-O 
Ne7 16.f4 Nxd5 17.fxg5 Nc7 18.h4 b4 19.c4 Ne6 20.b3 Qb6+ 21.Kh2 Bb7 22.Qd2
Nc5 23.Rad1 Rbd8 24.h5 Qc7 25.h6 g6 26.Rf6 Bc6 27.Qe2 Qb7 28.Rf2 Qe7 
1/2-1/2

[Event "zonal 2.4"]
[Site "Sao Paulo BRA"]
[Date "1993.03.??"]
[Round "6"]
[White "Braga, Cicero Nogueira"]
[Black "Silva Lillo, Sebastian"]
[Result "1/2-1/2"]
[WhiteElo "2370"]
[BlackElo "2350"]
[EventDate "1993.03.13"]
[PlyCount "48"]

1.g3 c5 2.Bg2 g6 3.e4 Bg7 4.f4 d6 5.d3 Nc6 6.Nf3 Nf6 7.O-O O-O 8.Nc3 Rb8 
9.h3 b5 10.Be3 b4 11.Ne2 a5 12.g4 Ba6 13.f5 Nd7 14.Rb1 a4 15.Qd2 Nde5 16.
Bh6 c4 17.Bxg7 Kxg7 18.Nf4 cxd3 19.cxd3 Qb6+ 20.Kh1 Nxf3 21.Rxf3 Ne5 22.
Rg3 Qd4 23.Ne2 Qa7 24.Rf1 Rfc8 1/2-1/2

[Event "zonal 2.4"]
[Site "Sao Paulo BRA"]
[Date "1993.03.??"]
[Round "6"]
[White "Campora, Daniel Hugo"]
[Black "Vasquez Schroder, Rodrigo"]
[Result "1/2-1/2"]
[WhiteElo "2550"]
[BlackElo "2475"]
[EventDate "1993.03.13"]
[PlyCount "121"]

1.e4 e5 2.Nf3 d6 3.Bc4 Be7 4.d4 exd4 5.Nxd4 Nf6 6.Nc3 O-O 7.O-O c6 8.Re1 
Re8 9.Bg5 a5 10.a4 h6 11.Bf4 Bf8 12.Qd2 Nbd7 13.Rad1 Ne5 14.Bb3 Nh5 15.Be3
Ng4 16.Nde2 Qh4 17.h3 Nxe3 18.Qxe3 Nf6 19.Qf4 Qg5 20.Qxg5 hxg5 21.Nd4 g4 
22.hxg4 Bxg4 23.f3 Bd7 24.g4 g6 25.Kg2 Rad8 26.Nde2 Bc8 27.Nf4 Kg7 28.Nce2
Nd7 29.Nd3 Be7 30.Nef4 Bf6 31.Rh1 Rh8 32.c3 Rxh1 33.Rxh1 Ne5 34.Rd1 Rh8 
35.Nf2 Be7 36.N4d3 Nd7 37.f4 g5 38.f5 Bd8 39.Ne1 Be7 40.Nf3 Ne5 41.Nxe5 
dxe5 42.Nd3 Bf6 43.Bc4 Rd8 44.Rb1 Re8 45.Kf3 Rh8 46.Kg2 Rh4 47.Kg3 Rh8 48.
b4 axb4 49.cxb4 Rd8 50.Kf3 Rd4 51.Rc1 Bd7 52.a5 Be7 53.Nxe5 Bxb4 54.a6 
bxa6 55.Bxf7 Kf6 56.Nxd7+ Rxd7 57.Bc4 a5 58.Rh1 Ke5 59.Rh6 Rd6 60.Rg6 Rxg6
61.fxg6 1/2-1/2

[Event "zonal 2.4"]
[Site "Sao Paulo BRA"]
[Date "1993.03.??"]
[Round "6"]
[White "Catropa, Djalma"]
[Black "Trindade, Sandro Heleno"]
[Result "1-0"]
[WhiteElo "2300"]
[BlackElo "2315"]
[EventDate "1993.03.13"]
[PlyCount "91"]

1.d4 Nf6 2.c4 e6 3.Nf3 d5 4.Nc3 c6 5.Bg5 dxc4 6.e4 b5 7.e5 h6 8.Bh4 g5 9.
Nxg5 hxg5 10.Bxg5 Nbd7 11.g3 Qb6 12.exf6 Bb7 13.Bg2 O-O-O 14.O-O c5 15.d5 
Nb8 16.Qg4 b4 17.Na4 Qa6 18.dxe6 fxe6 19.Bxb7+ Kxb7 20.f7 Rd4 21.Qf3+ Qc6 
22.Qxc6+ Kxc6 23.Bf6 Rh7 24.Nxc5 Kxc5 25.Bxd4+ Kxd4 26.Rfd1+ Kc5 27.Rd8 
Rxf7 28.Rxb8 Bd6 29.Rc8+ Bc7 30.Rc1 Kd4 31.Rh8 Kd3 32.Rh6 c3 33.bxc3 Kd2 
34.Rf1 bxc3 35.Rxe6 c2 36.Ree1 Bb6 37.Kg2 Bxf2 38.Rxf2+ Kxe1 39.Rxc2 Rf5 
40.g4 Ra5 41.Kg3 Ra3+ 42.Kh4 Kf1 43.g5 Kg1 44.g6 Ra6 45.Kh5 Ra3 46.h4 1-0

[Event "zonal 2.4"]
[Site "Sao Paulo BRA"]
[Date "1993.03.??"]
[Round "6"]
[White "Egger Mancilla, Jorge"]
[Black "Giardelli, Sergio Carlos"]
[Result "1-0"]
[WhiteElo "2410"]
[BlackElo "2425"]
[EventDate "1993.03.13"]
[PlyCount "81"]

1.e4 c5 2.Nf3 e6 3.d4 cxd4 4.Nxd4 a6 5.Bd3 Nc6 6.Nxc6 bxc6 7.O-O e5 8.c4 
Nf6 9.Nc3 Be7 10.f4 d6 11.f5 O-O 12.Qf3 Bb7 13.Kh1 Rb8 14.Bg5 Re8 15.Rab1 
a5 16.a3 Ra8 17.Rfd1 Nd7 18.Be3 Bg5 19.Bf2 Qe7 20.g3 Red8 21.h4 Bf6 22.Bc2
Ba6 23.b3 Bb7 24.Rd2 d5 25.exd5 cxd5 26.Nxd5 Bxd5 27.Rxd5 Nf8 28.Bc5 Qc7 
29.Rbd1 Rxd5 30.Rxd5 Rc8 31.Bd6 Qa7 32.a4 Nd7 33.Be4 Qb6 34.Kg2 h6 35.Qd3 
Nc5 36.Qe3 Qxb3 37.Bxc5 Qxe3 38.Bxe3 Rxc4 39.Kf3 Rxa4 40.Rd7 Kf8 41.Bc5+ 
1-0

[Event "zonal 2.4"]
[Site "Sao Paulo BRA"]
[Date "1993.03.??"]
[Round "6"]
[White "Milos, Gilberto"]
[Black "Slipak, Sergio David"]
[Result "1-0"]
[WhiteElo "2560"]
[BlackElo "2405"]
[EventDate "1993.03.13"]
[PlyCount "75"]

1.e4 e5 2.Nf3 d6 3.d4 exd4 4.Nxd4 Nf6 5.Nc3 Be7 6.g3 d5 7.e5 Ne4 8.Nxe4 
dxe4 9.e6 O-O 10.exf7+ Kh8 11.Bc4 c5 12.Ne6 Qxd1+ 13.Kxd1 Bxe6 14.Bxe6 Nc6
15.c3 Rad8+ 16.Ke2 Rd6 17.Bf5 Rxf7 18.Bxe4 Re6 19.f3 g5 20.Be3 Rf8 21.Bd5 
Re5 22.Rhd1 g4 23.f4 Nd4+ 24.cxd4 Rxd5 25.Rac1 Rh5 26.Bg1 b6 27.Kf1 Rc8 
28.Re1 Bf6 29.Re6 Kg7 30.dxc5 bxc5 31.Rc2 Rd5 32.b3 Rc7 33.Ke2 Kf7 34.Re4 
Rh5 35.b4 Bd4 36.Kf1 Rb7 37.Bxd4 Rxb4 38.Re5 1-0

[Event "zonal 2.4"]
[Site "Sao Paulo BRA"]
[Date "1993.03.??"]
[Round "6"]
[White "Panno, Oscar"]
[Black "De Toledo, James Mann"]
[Result "1-0"]
[WhiteElo "2495"]
[BlackElo "2265"]
[EventDate "1993.03.13"]
[PlyCount "89"]

1.d4 d5 2.c4 c6 3.Nc3 Nf6 4.e3 Bf5 5.cxd5 cxd5 6.Qb3 Bc8 7.f4 e6 8.Nf3 Qb6
9.Bd3 Bd7 10.Ne5 Qxb3 11.axb3 Bb4 12.Bd2 Ke7 13.g4 Bxc3 14.bxc3 Ne4 15.
Bxe4 dxe4 16.Bc1 Bb5 17.c4 Be8 18.Ba3+ Kd8 19.g5 Nd7 20.Ng4 f5 21.gxf6 
Nxf6 22.Ne5 Nd7 23.Bd6 Nxe5 24.Bxe5 Rg8 25.Rg1 g6 26.Kd2 Ke7 27.Ra5 a6 28.
Kc3 Rc8 29.Kb4 Rf8 30.Rc5 Bd7 31.Ka5 Rxc5+ 32.dxc5 Rf5 33.Kb6 Bc6 34.h4 
Kd7 35.Rd1+ Kc8 36.Rd6 Rh5 37.b4 Rf5 38.b5 axb5 39.cxb5 Bd5 40.c6 bxc6 41.
bxc6 Rf7 42.Bc3 Bb3 43.Rd2 e5 44.Bxe5 Re7 45.Rb2 1-0

[Event "zonal 2.4"]
[Site "Sao Paulo BRA"]
[Date "1993.03.??"]
[Round "6"]
[White "Sunye Neto, Jaime"]
[Black "Lima, Darcy"]
[Result "1/2-1/2"]
[WhiteElo "2545"]
[BlackElo "2445"]
[EventDate "1993.03.13"]
[PlyCount "85"]

1.c4 e6 2.Nf3 Nf6 3.g3 a6 4.Bg2 b5 5.Nd4 c6 6.d3 d5 7.O-O Bc5 8.Nb3 Bb6 9.
c5 Bc7 10.a4 O-O 11.e4 Bb7 12.f4 dxe4 13.dxe4 e5 14.f5 Qxd1 15.Rxd1 Nbd7 
16.Bf3 Rfd8 17.Be3 Nf8 18.Rxd8 Bxd8 19.Kf2 N8d7 20.Nc3 h6 21.g4 Ne8 22.Kg3
g5 23.fxg6 fxg6 24.Rd1 Bc8 25.h4 g5 26.hxg5 Bxg5 27.Bxg5 hxg5 28.Na5 Nxc5 
29.Rd8 Kf8 30.Nxc6 Bb7 31.Rxa8 Bxa8 32.axb5 axb5 33.Nxe5 Nd6 34.b4 Ncxe4+ 
35.Bxe4 Nxe4+ 36.Nxe4 Bxe4 37.Kf2 Ke7 38.Ke3 Bg2 39.Kd4 Ke6 40.Nd3 Bf3 41.
Nf2 Kd6 42.Ke3 Bc6 43.Ne4+ 1/2-1/2

[Event "zonal 2.4"]
[Site "Sao Paulo BRA"]
[Date "1993.03.??"]
[Round "6"]
[White "Van Riemsdijk, Herman Claudius"]
[Black "Mecking, Henrique"]
[Result "1/2-1/2"]
[WhiteElo "2400"]
[BlackElo "2605"]
[EventDate "1993.03.13"]
[PlyCount "127"]

1.e4 c5 2.Nf3 d6 3.d4 cxd4 4.Nxd4 Nf6 5.Nc3 a6 6.Bc4 e6 7.Bb3 b5 8.O-O Be7
9.Qf3 Qc7 10.Re1 O-O 11.Qg3 b4 12.Na4 Bd7 13.c3 Qa5 14.cxb4 Qxb4 15.Nc2 
Qa5 16.Nc3 Nc6 17.Be3 Qc7 18.Rac1 Rfb8 19.Nd4 Qb7 20.Nxc6 Bxc6 21.f3 a5 
22.Ba4 Rc8 23.Qf2 Nd7 24.Red1 Ne5 25.b3 Bxa4 26.Nxa4 Rxc1 27.Bxc1 Rc8 28.
Be3 Qb5 29.Qf1 Qxf1+ 30.Kxf1 Rc2 31.Rd2 Rxd2 32.Bxd2 Nc6 33.Ke2 Bd8 34.Kd3
d5 35.exd5 exd5 36.Nc3 Nb4+ 37.Ke2 Kf8 38.a3 Nc6 39.Kd3 Ke7 40.Nxd5+ Kd6 
41.Ne3 Ne5+ 42.Ke4 g6 43.g4 Ke6 44.Bc3 Nd7 45.Bd4 Be7 46.Nc4 Nc5+ 47.Bxc5 
Bxc5 48.g5 f6 49.gxf6 Kxf6 50.Kd5 Bg1 51.Nxa5 Bxh2 52.Ke4 h5 53.Nc4 h4 54.
f4 h3 55.Ne3 Bg1 56.Ng4+ Ke6 57.Kf3 Kf5 58.Kg3 Bc5 59.b4 Bd6 60.Ne5 g5 61.
Kxh3 Kxf4 62.Nc4 Bb8 63.Kg2 Ke4 64.Nd2+ 1/2-1/2

[Event "zonal 2.4"]
[Site "Sao Paulo BRA"]
[Date "1993.03.??"]
[Round "7"]
[White "De Toledo, James Mann"]
[Black "Izquierdo Saravia, Daniel"]
[Result "1/2-1/2"]
[WhiteElo "2265"]
[BlackElo "2330"]
[EventDate "1993.03.13"]
[PlyCount "21"]

1.c4 f5 2.d4 Nf6 3.Nc3 e6 4.Bg5 Be7 5.Nf3 d6 6.Qc2 O-O 7.Bxf6 Bxf6 8.e4 
Nc6 9.O-O-O e5 10.dxe5 Nxe5 11.Nd4 1/2-1/2

[Event "zonal 2.4"]
[Site "Sao Paulo BRA"]
[Date "1993.03.??"]
[Round "7"]
[White "Giardelli, Sergio Carlos"]
[Black "Braga, Cicero Nogueira"]
[Result "1/2-1/2"]
[WhiteElo "2425"]
[BlackElo "2370"]
[EventDate "1993.03.13"]
[PlyCount "26"]

1.d4 Nf6 2.Bg5 Ne4 3.Bf4 d5 4.Nd2 Nxd2 5.Qxd2 Bf5 6.e3 e6 7.Bd3 Bxd3 8.
Qxd3 c6 9.Nf3 Bd6 10.Bxd6 Qxd6 11.O-O Nd7 12.e4 dxe4 13.Qxe4 O-O 1/2-1/2

[Event "zonal 2.4"]
[Site "Sao Paulo BRA"]
[Date "1993.03.??"]
[Round "7"]
[White "Mecking, Henrique"]
[Black "Vasquez Schroder, Rodrigo"]
[Result "0-1"]
[WhiteElo "2605"]
[BlackElo "2475"]
[EventDate "1993.03.13"]
[PlyCount "79"]

1.d4 Nf6 2.c4 e6 3.Nf3 c5 4.d5 exd5 5.cxd5 d6 6.Nc3 g6 7.e4 a6 8.a4 Bg4 9.
Be2 Bg7 10.O-O O-O 11.Bf4 Re8 12.Nd2 Bxe2 13.Qxe2 Nh5 14.Be3 Nd7 15.g4 
Nhf6 16.f3 Ne5 17.h3 b6 18.Rab1 Qc7 19.Rfc1 h5 20.Kg2 hxg4 21.hxg4 Qd7 22.
Rh1 b5 23.g5 Nh5 24.axb5 axb5 25.Nxb5 Rab8 26.Nc3 Rb4 27.Nd1 Reb8 28.Rh4 
Qe7 29.f4 Nc4 30.Kf3 Nxd2+ 31.Bxd2 Rb3+ 32.Be3 Bd4 33.Ra1 Bxe3 34.Nxe3 
Rxb2 35.Qa6 R2b4 36.f5 Qe5 37.Rg4 Qh2 38.Ra2 Qh3+ 39.Kf2 Rb2+ 40.Rxb2 0-1

[Event "zonal 2.4"]
[Site "Sao Paulo BRA"]
[Date "1993.03.??"]
[Round "7"]
[White "Rubinetti, Jorge Alberto"]
[Black "Sunye Neto, Jaime"]
[Result "0-1"]
[WhiteElo "2450"]
[BlackElo "2545"]
[EventDate "1993.03.13"]
[PlyCount "80"]

1.d4 Nf6 2.Nf3 e6 3.c4 b6 4.g3 Ba6 5.b3 d5 6.cxd5 exd5 7.Bg2 Be7 8.O-O O-O
9.Nc3 Bb7 10.Bb2 Na6 11.Rc1 Re8 12.e3 Bf8 13.a3 c5 14.Re1 Nc7 15.Ne5 Ne6 
16.Ne2 Ne4 17.f3 Nd6 18.dxc5 bxc5 19.Qc2 Rc8 20.Qb1 Qb6 21.Ba1 Rcd8 22.Kh1
f6 23.Ng4 d4 24.exd4 cxd4 25.Rcd1 h5 26.Nf2 Nb5 27.Qg6 Ng5 28.Ne4 Nxe4 29.
fxe4 Re5 30.a4 Rg5 31.Qxg5 fxg5 32.axb5 d3 33.Nc3 Bb4 34.Rf1 Bxc3 35.Bxc3 
Qe6 36.Rfe1 h4 37.gxh4 gxh4 38.h3 Qxb3 39.Ba1 d2 40.Rg1 Bxe4 0-1

[Event "zonal 2.4"]
[Site "Sao Paulo BRA"]
[Date "1993.03.??"]
[Round "7"]
[White "Silva Lillo, Sebastian"]
[Black "Trindade, Sandro Heleno"]
[Result "1-0"]
[WhiteElo "2350"]
[BlackElo "2315"]
[EventDate "1993.03.13"]
[PlyCount "139"]

1.d4 c5 2.d5 e6 3.c4 exd5 4.cxd5 d6 5.Nc3 a6 6.a4 g6 7.e4 Bg7 8.Be2 Nd7 9.
Nf3 Qc7 10.Bf4 Qb8 11.O-O Ne7 12.Nd2 Ne5 13.Bg3 g5 14.a5 Qc7 15.Na4 N7g6 
16.Nb6 Rb8 17.Rc1 Qd8 18.b4 cxb4 19.Qa4+ Bd7 20.Qxb4 Ke7 21.Ndc4 Be8 22.
Nxd6 Kf6 23.Nf5 Bf8 24.d6 Nf4 25.Bxf4 gxf4 26.Qd4 Bc6 27.Nc4 Qe8 28.d7 
Bxd7 29.Nxe5 Qxe5 30.Qxd7 Qxe4 31.Bd3 Qe6 32.Qc7 Qe5 33.Qxe5+ Kxe5 34.
Rfe1+ Kf6 35.Rb1 Bc5 36.Rec1 Rbc8 37.Nh4 Rhd8 38.Rd1 Rc7 39.g3 Rd4 40.Bxh7
Ra4 41.Ra1 Rb4 42.Rdb1 Rc4 43.Nf3 Kg7 44.Bf5 fxg3 45.hxg3 Kf6 46.Bd3 Rg4 
47.Kg2 Rd7 48.Rb3 Rb4 49.Rc3 Be7 50.Ra2 Bd8 51.Nd2 Rd5 52.Rc4 Rxc4 53.Bxc4
Rxa5 54.Rxa5 Bxa5 55.Ne4+ Ke7 56.Nc5 Bb6 57.Nd3 Bd4 58.Kf3 b5 59.Bb3 f5 
60.Nb4 Kd6 61.Nxa6 Bc3 62.Bc2 b4 63.Bxf5 b3 64.Be4 b2 65.Ke2 Ba5 66.Kd1 
Ke5 67.f3 Kd4 68.Kc2 Kc4 69.Kxb2 Kb5 70.Bd3+ 1-0

[Event "zonal 2.4"]
[Site "Sao Paulo BRA"]
[Date "1993.03.??"]
[Round "7"]
[White "Slipak, Sergio David"]
[Black "Catropa, Djalma"]
[Result "1-0"]
[WhiteElo "2405"]
[BlackElo "2300"]
[EventDate "1993.03.13"]
[PlyCount "73"]

1.Nf3 Nf6 2.g3 g6 3.b3 Bg7 4.Bb2 O-O 5.Bg2 d5 6.O-O c6 7.d3 Nbd7 8.c4 Re8 
9.Qc2 e5 10.cxd5 Nxd5 11.Nbd2 a5 12.Nc4 Qe7 13.Rad1 f6 14.Qc1 Ra6 15.e4 
Nc7 16.d4 b5 17.Ne3 exd4 18.Nxd4 Nb8 19.Rfe1 Ne6 20.Nef5 Qf8 21.Nxe6 Bxe6 
22.Nxg7 Kxg7 23.f4 c5 24.f5 Bf7 25.e5 fxe5 26.Rxe5 Kg8 27.Qc3 b4 28.Rxe8 
bxc3 29.Rxf8+ Kxf8 30.Bxc3 Be8 31.Bf1 Ra7 32.f6 Nc6 33.Rd5 a4 34.Rxc5 axb3
35.axb3 Rb7 36.Bc4 Rb8 37.Bd2 1-0

[Event "zonal 2.4"]
[Site "Sao Paulo BRA"]
[Date "1993.03.??"]
[Round "7"]
[White "Valiente, Cristobal"]
[Black "Campora, Daniel Hugo"]
[Result "0-1"]
[WhiteElo "2340"]
[BlackElo "2550"]
[EventDate "1993.03.13"]
[PlyCount "96"]

1.e4 c6 2.d3 e5 3.Nf3 Nf6 4.g3 d5 5.Nbd2 Bd6 6.Bg2 O-O 7.O-O Re8 8.Re1 
Nbd7 9.c3 Be7 10.Qc2 Nf8 11.b3 Ng6 12.Bb2 a5 13.a3 Bd7 14.Rad1 Qc8 15.exd5
cxd5 16.c4 d4 17.Ng5 h6 18.Nge4 Nh7 19.Nf3 f5 20.Ned2 Bd6 21.Rc1 Bc5 22.
Qd1 Qc7 23.h4 Ra6 24.h5 Ngf8 25.Qe2 Rae6 26.Nh4 R6e7 27.Bd5+ Kh8 28.Qf3 
Ng5 29.Qg2 Bc8 30.Ndf3 Qd6 31.Re2 Ngh7 32.Nd2 Bxa3 33.c5 Bxc5 34.Ng6+ Nxg6
35.hxg6 Rd8 36.Bf7 Ng5 37.Nc4 Qc7 38.Rec2 b6 39.Nxb6 Qxb6 40.Rxc5 Bb7 41.
Bd5 Rxd5 42.Rxd5 Qxg6 43.Ba3 Rf7 44.Rcc5 Qh5 45.f3 Nxf3+ 46.Kf2 Ng5 47.Bc1
Kh7 48.Ke1 f4 0-1

[Event "zonal 2.4"]
[Site "Sao Paulo BRA"]
[Date "1993.03.??"]
[Round "8"]
[White "Braga, Cicero Nogueira"]
[Black "De Toledo, James Mann"]
[Result "1/2-1/2"]
[WhiteElo "2370"]
[BlackElo "2265"]
[EventDate "1993.03.13"]
[PlyCount "21"]

1.g3 e5 2.Bg2 Nf6 3.d3 d5 4.Nf3 Nc6 5.O-O Be7 6.Bg5 O-O 7.Nc3 Be6 8.Re1 
Qd7 9.e4 d4 10.Bxf6 Bxf6 11.Nd5 1/2-1/2

[Event "zonal 2.4"]
[Site "Sao Paulo BRA"]
[Date "1993.03.??"]
[Round "8"]
[White "Campora, Daniel Hugo"]
[Black "Lima, Darcy"]
[Result "1-0"]
[WhiteElo "2550"]
[BlackElo "2445"]
[EventDate "1993.03.13"]
[PlyCount "101"]

1.e4 e5 2.Nf3 Nf6 3.Nc3 Nc6 4.Bb5 Nd4 5.Ba4 Nxf3+ 6.Qxf3 c6 7.O-O d6 8.d3 
Be7 9.h3 O-O 10.Bb3 Nd7 11.Be3 Nc5 12.d4 Nxb3 13.axb3 f6 14.Rfd1 a6 15.b4 
Bd7 16.Qe2 Kh8 17.d5 f5 18.exf5 Rxf5 19.dxc6 Bxc6 20.Qd3 Qf8 21.Nd5 Bh4 
22.Rd2 Qf7 23.c4 Rf8 24.Rf1 Bg3 25.b3 h6 26.Bxh6 gxh6 27.Qxg3 Rg8 28.Qe3 
Qg7 29.f4 Bxd5 30.cxd5 exf4 31.Rxf4 Rxd5 32.Rg4 Qa1+ 33.Kh2 Qe5+ 34.Qxe5+ 
Rxe5 35.Rxg8+ Kxg8 36.Rxd6 Rb5 37.Rd4 a5 38.Kg3 Kg7 39.Kf4 axb4 40.g4 Kf6 
41.Rd6+ Kg7 42.h4 Kh7 43.Ke4 Kg7 44.Rd5 Rb6 45.Ke5 Rg6 46.Rd7+ Kg8 47.Kf5 
Rb6 48.Re7 Rb5+ 49.Re5 Rb6 50.Re6 Rb5+ 51.Kg6 1-0

[Event "zonal 2.4"]
[Site "Sao Paulo BRA"]
[Date "1993.03.??"]
[Round "8"]
[White "Catropa, Djalma"]
[Black "Giardelli, Sergio Carlos"]
[Result "0-1"]
[WhiteElo "2300"]
[BlackElo "2425"]
[EventDate "1993.03.13"]
[PlyCount "56"]

1.d4 Nf6 2.c4 c5 3.d5 b5 4.cxb5 a6 5.e3 g6 6.Nc3 Bg7 7.d6 Bb7 8.Nf3 O-O 9.
bxa6 Nxa6 10.Bc4 e6 11.O-O Qb6 12.Ne5 Ne8 13.Bxa6 Qxa6 14.f4 Nxd6 15.Qg4 
Rfd8 16.Rd1 Nf5 17.e4 Nd4 18.Bd2 f5 19.exf5 exf5 20.Qh3 d6 21.Nd3 Nf3+ 22.
gxf3 Qxd3 23.Be1 Qe3+ 24.Bf2 Qxf4 25.Kg2 Qg4+ 26.Qxg4 fxg4 27.Nd5 gxf3+ 
28.Kxf3 Bd4 0-1

[Event "zonal 2.4"]
[Site "Sao Paulo BRA"]
[Date "1993.03.??"]
[Round "8"]
[White "Milos, Gilberto"]
[Black "Egger Mancilla, Jorge"]
[Result "1-0"]
[WhiteElo "2560"]
[BlackElo "2410"]
[EventDate "1993.03.13"]
[PlyCount "77"]

1.e4 e5 2.Nf3 Nc6 3.Bb5 a6 4.Ba4 Nf6 5.O-O Be7 6.Re1 b5 7.Bb3 O-O 8.c3 d5 
9.exd5 Nxd5 10.Nxe5 Nxe5 11.Rxe5 c6 12.d4 Bd6 13.Re1 Qh4 14.g3 Qh3 15.Re4 
g5 16.Qf3 Bf5 17.Bc2 Bxe4 18.Bxe4 Qe6 19.Bxg5 f5 20.Bd3 Qe1+ 21.Kg2 Rae8 
22.Bd2 Qe6 23.Na3 Bxa3 24.bxa3 Nb6 25.Re1 Qd5 26.Rxe8 Rxe8 27.Bxf5 Nc4 28.
Bh6 Re2 29.Qxd5+ cxd5 30.h4 Re8 31.Bd7 Re7 32.Bc6 Kf7 33.Bxd5+ Ke8 34.Bf4 
Kd7 35.Bb7 a5 36.d5 b4 37.Bc6+ Kc8 38.cxb4 axb4 39.d6 1-0

[Event "zonal 2.4"]
[Site "Sao Paulo BRA"]
[Date "1993.03.??"]
[Round "8"]
[White "Panno, Oscar"]
[Black "Rubinetti, Jorge Alberto"]
[Result "1/2-1/2"]
[WhiteElo "2495"]
[BlackElo "2450"]
[EventDate "1993.03.13"]
[PlyCount "86"]

1.c4 g6 2.Nf3 Bg7 3.d4 Nf6 4.g3 c6 5.Bg2 d5 6.Qa4 O-O 7.O-O e6 8.Qc2 Nbd7 
9.Nbd2 Re8 10.Rd1 Qe7 11.e4 Nxe4 12.Nxe4 dxe4 13.Qxe4 e5 14.d5 f5 15.Qc2 
e4 16.Nd4 Ne5 17.Be3 Bd7 18.Rab1 Qb4 19.dxc6 bxc6 20.Ne2 Be6 21.b3 a5 22.
Bd2 Qe7 23.Bc3 a4 24.Qd2 Rad8 25.Qe3 Bf7 26.Qb6 Rb8 27.Qa5 Ra8 28.Qb6 Reb8
29.Qe3 axb3 30.axb3 Ra3 31.Nd4 Qf8 32.h3 Ra2 33.Ra1 Rba8 34.Rxa2 Rxa2 35.
Ra1 Qa3 36.Rd1 Qf8 37.Kh2 Bh6 38.f4 exf3 39.Qxe5 Rxg2+ 40.Kh1 Bg7 41.Qf4 
Qe8 42.Qxf3 Bxd4 43.Rxd4 Ra2 1/2-1/2

[Event "zonal 2.4"]
[Site "Sao Paulo BRA"]
[Date "1993.03.??"]
[Round "8"]
[White "Silva Lillo, Sebastian"]
[Black "Van Riemsdijk, Herman Claudius"]
[Result "1/2-1/2"]
[WhiteElo "2350"]
[BlackElo "2400"]
[EventDate "1993.03.13"]
[PlyCount "94"]

1.d4 Nf6 2.Nf3 c5 3.d5 d6 4.c4 b5 5.cxb5 a6 6.b6 g6 7.Nc3 Qxb6 8.a4 Bg7 9.
a5 Qb4 10.Ra4 Qb7 11.e4 O-O 12.Be2 Bd7 13.Ra3 Qb4 14.Nd2 Bb5 15.O-O Nbd7 
16.Qc2 Bxe2 17.Nxe2 Rfb8 18.Nc4 Ne8 19.Bd2 Qb5 20.Nc1 Ra7 21.Nd3 Bd4 22.
Rb1 Nef6 23.Re1 Ng4 24.h3 Nge5 25.Ndxe5 Nxe5 26.b3 Nxc4 27.bxc4 Qb2 28.Ra2
Qxc2 29.Rxc2 Rab7 30.Kf1 Rb2 31.Rec1 f6 32.Ke2 Kf7 33.Rxb2 Rxb2 34.f3 h5 
35.Kd3 h4 36.Re1 g5 37.Re2 Be5 38.Be1 Rb3+ 39.Kc2 Ra3 40.Bd2 Kg6 41.Be1 
Ra1 42.Bd2 Ra2+ 43.Kd3 Ra1 44.Kc2 Bf4 45.Bc3 Rc1+ 46.Kd3 Kf7 47.Re1 Rxe1 
1/2-1/2

[Event "zonal 2.4"]
[Site "Sao Paulo BRA"]
[Date "1993.03.??"]
[Round "8"]
[White "Soppe, Guillermo"]
[Black "Mecking, Henrique"]
[Result "1-0"]
[WhiteElo "2460"]
[BlackElo "2605"]
[EventDate "1993.03.13"]
[PlyCount "103"]

1.e4 c5 2.Nf3 d6 3.d4 cxd4 4.Nxd4 Nf6 5.Nc3 a6 6.Be3 e5 7.Nb3 Qc7 8.Qd2 
Be6 9.f3 Nbd7 10.g4 Nb6 11.g5 Nfd7 12.O-O-O Be7 13.h4 Rc8 14.Kb1 Nc4 15.
Bxc4 Bxc4 16.Rh2 O-O 17.h5 f5 18.Nd5 Bxd5 19.Qxd5+ Kh8 20.exf5 Rxf5 21.Qe6
Rxf3 22.Qxe7 Rxe3 23.Rf2 h6 24.gxh6 Rg3 25.Rxd6 Nc5 26.hxg7+ Rxg7 27.Qxe5 
Kh7 28.Qf5+ Kg8 29.Rg6 Rxg6 30.Qxg6+ Qg7 31.Qxg7+ Kxg7 32.Nxc5 Rxc5 33.Rh2
Kh6 34.c3 b5 35.Kc2 b4 36.Kd3 Ra5 37.Kc4 bxc3 38.bxc3 Rb5 39.Kd4 Rb8 40.c4
Rd8+ 41.Kc3 Rc8 42.Kb4 Rb8+ 43.Ka5 Rc8 44.Rc2 Rc6 45.c5 Kxh5 46.Kb4 Kg5 
47.Kc4 Kf6 48.Kd5 Rc8 49.Kd6 Rd8+ 50.Kc7 Rd4 51.c6 Ke6 52.Kb6 1-0